Chanceliers allemands - Mort subite - Statistiques

Statistiques générales
  • Ce quiz a été pris 41 fois
  • Le résultat moyen est 6 sur 10
Answers on the Grid
Answers color-coded by a green-red scale on the quiz's grid according to % correct below.
Konrad Adenauer
Ludwig Erhard
Kurt Georg Kiesinger
Willy Brandt
Helmut Schmidt
Helmut Kohl
Gerhard Schröder
Angela Merkel
Olaf Scholz
Friedrich Merz
Fritz Lang
Thomas Müller
Joshua Kimmich
Bastian Schweinsteiger
Frank-Walter Steinmeier
Ursula von der Leyen
Rudolf Dassler
Robert Oppenheimer
Hannah Arendt
Karl Lagerfeld
Daniel Brühl
Paul von Hindenburg
Granit Xhaka
Heinrich Himmler
 
Statistiques - réponses
Réponse % Correct
Angela Merkel
90%
Olaf Scholz
72%
Helmut Kohl
67%
Konrad Adenauer
67%
Friedrich Merz
56%
Gerhard Schröder
56%
Willy Brandt
56%
Helmut Schmidt
54%
Kurt Georg Kiesinger
26%
Ludwig Erhard
23%
Aucun quiz correspondant
Distribution des résultats
% des personnes avec chaque résultat
Percentile par nombre de réponses
Votre historique - résultats
Vous n’avez pas pris ce quiz